‘Les Guignols de l'Info’: a Well-oiled Machine but a Fragile Company (notice n° 1722783)

détails MARC
000 -LEADER
fixed length control field 01672cam a2200157 4500500
005 - DATE AND TIME OF LATEST TRANSACTION
control field 20260322002355.0
041 ## - LANGUAGE CODE
Language code of text/sound track or separate title fre
042 ## - AUTHENTICATION CODE
Authentication code dc
100 10 - MAIN ENTRY--PERSONAL NAME
Personal name Le Rolland, Yves
Relator term author
245 00 - TITLE STATEMENT
Title ‘Les Guignols de l'Info’: a Well-oiled Machine but a Fragile Company
260 ## - PUBLICATION, DISTRIBUTION, ETC.
Date of publication, distribution, etc. 2010.<br/>
500 ## - GENERAL NOTE
General note 19
520 ## - SUMMARY, ETC.
Summary, etc. Canal+, the troublemaker, has fallen into line. Humour has become de rigueur for all its programmes. Political denunciation and satire may have invaded the Internet, but the programme ‘Les Guignols’ is still being broadcast five nights a week (as it has been for the past twenty-one years), with an audience of between two and three million. ‘Les Guignols de l'Info’ is a huge machine: it involves three hundred people, employs processes used in both the theatre and cinema, and requires the orchestration of a variety of professions with the sole aim of broadcasting a live programme every evening. ‘Les Guignols’ displays a degree of professionalism which makes the company a standard for its genre throughout the world. Nevertheless, ‘Les Guignols’ is a fragile company relying on rare talent which has to be preserved. The longevity of ‘Les Guignols’ can be explained by its autonomy with respect to the company, a freedom of expression, and a spirit of rebellion maintained in a permanent power struggle which encompasses a shared desire to preserve its identity and ensure its durability.
786 0# - DATA SOURCE ENTRY
Note Le journal de l'école de Paris du management | o 85 | 5 | 2010-09-01 | p. 25-30 | 1253-2711
856 41 - ELECTRONIC LOCATION AND ACCESS
Uniform Resource Identifier <a href="https://shs.cairn.info/journal-de-l-ecole-de-paris-du-management-2010-5-page-25?lang=en&redirect-ssocas=7080">https://shs.cairn.info/journal-de-l-ecole-de-paris-du-management-2010-5-page-25?lang=en&redirect-ssocas=7080</a>

Pas d'exemplaire disponible.

PLUDOC

PLUDOC est la plateforme unique et centralisée de gestion des bibliothèques physiques et numériques de Guinée administré par le CEDUST. Elle est la plus grande base de données de ressources documentaires pour les Étudiants, Enseignants chercheurs et Chercheurs de Guinée.

Adresse

627 919 101/664 919 101

25 boulevard du commerce
Kaloum, Conakry, Guinée

Réseaux sociaux

Powered by Netsen Group @ 2025